Statistics for Name a Valid European Capital

Click here to take the quiz!

General Stats

  • This quiz has been taken 79,184 times
    (79,002 since last reset)
  • The average score is 14 of 20

Answer Stats

Name a European capital that …Capitals% Correct
is a top 10 "Fashion Capital" of the worldParis | London | Rome | Berlin | Madrid
100%
has an average temperature of 6.0ºC (42F) or belowReykjavík | Oslo | Moscow | Helsinki | Tallinn | Vilnius
96%
only has 4 letters in its nameBern | Kyiv | Oslo | Riga | Rome
95%
is the capital of a country whose name contains "land"Amsterdam | Bern | Dublin | Helsinki |
Reykjavík | Warsaw
90%
is more than 450 km away from any
other world capital
Reykjavík | Moscow | Lisbon | Andorra la Vella |
Madrid | Athens | Dublin
88%
is at least 400km away from the seaMoscow | Budapest | Kyiv | Minsk
85%
is the capital of a country formerly part of YugoslaviaBelgrade | Ljubljana | Podgorica | Pristina | Sarajevo |
Skopje | Zagreb
83%
is the capital of a country bordering GreeceSkopje | Sofia | Tirana
79%
is west of the Prime MeridianReykjavík | Lisbon | Dublin | Madrid | London
76%
is in the EU, but doesn't use the EuroBucharest | Budapest | Copenhagen | Prague |
Sofia | Stockholm | Warsaw
70%
has hosted the Winter OlympicsOslo | Sarajevo
69%
contains the letter K (but does not start with K)Helsinki | Minsk | Reykjavik | Skopje | Stockholm
64%
is guessed less than 45% of the time on
the "Europe Capitals Quiz"
Ljubljana | Skopje | Vaduz | Pristina |
Chișinău | Podgorica
64%
is on the Danube riverBratislava | Belgrade | Budapest | Vienna
54%
is one of the world's top 2 most bike-friendly citiesCopenhagen | Amsterdam
52%
is less than 500km from the Black SeaChișinău | Bucharest | Kyiv | Sofia
48%
has an elevation greater than 500mAndorra la Vella | Madrid | Sofia | Bern | Sarajevo
47%
begins with the same letter as its country,
but is distinctly different to it
Brussels | Stockholm
47%
gets less than 50cm of annual precipitationAthens | Madrid | Skopje
46%
is one of the three capitals of the European UnionBrussels | Luxembourg
46%

Score Distribution

Percentile by Number Answered

Percent of People with Each Score

Your Score History

You have not taken this quiz since the last reset